Economía de la empresa (Registro nro. 36434)
[ vista simple ]
| 000 -LEADER | |
|---|---|
| fixed length control field | 00992 a2200217 4500 |
| 001 - CONTROL NUMBER | |
| control field | 63956 |
| 005 - DATE AND TIME OF LATEST TRANSACTION | |
| control field | 20260521160827.0 |
| 008 - FIXED-LENGTH DATA ELEMENTS--GENERAL INFORMATION | |
| fixed length control field | 260521a1973 arg spa d |
| 003 - CONTROL NUMBER IDENTIFIER | |
| control field | AR-UNSa-BCEJYS |
| 040 ## - CATALOGING SOURCE | |
| Original cataloging agency | AR-UNSa-BCEJYS |
| Language of cataloging | spa |
| Transcribing agency | AR-UNSa-BCEJYS |
| 080 ## - UNIVERSAL DECIMAL CLASSIFICATION NUMBER | |
| Universal Decimal Classification number | 658.15 |
| Common auxiliary subdivision | Administración financiera privada. Gestión financiera de empresas<br/> |
| 041 ## - LANGUAGE CODE | |
| Language code of text/sound track or separate title | spa |
| 100 1# - MAIN ENTRY--PERSONAL NAME | |
| Personal name | Naylor, Thomas H. |
| 245 10 - TITLE STATEMENT | |
| Title | Economía de la empresa |
| 264 #1 - PRODUCTION, PUBLICATION, DISTRIBUTION, MANUFACTURE, AND COPYRIGHT NOTICE | |
| Place of production, publication, distribution, manufacture | Buenos Aires : |
| Name of producer, publisher, distributor, manufacturer | Amorrortu Editores |
| Date of production, publication, distribution, manufacture, or copyright notice | 1973 |
| 300 ## - PHYSICAL DESCRIPTION | |
| Extent | 506 p. |
| Dimensions | 23 cm. |
| 505 ## - FORMATTED CONTENTS NOTE | |
| Formatted contents note | Primera Parte: Introducción - Segunda Parte: Modelos de análisis marginal de la empresa - Tercera Parte: Modelos de programación matemática de la empresa - Cuarta Parte: Modelos dinámicos y estocásticos de la empresa - Quinta Parte: Simulación por computadora - Sexta Parte: Modelos de inversión de la empresa - Séptima Parte: Otros modelos de la empresa - |
| 590 ## - LOCAL NOTE (RLIN) | |
| Local note | niveau_biblio:m niveau_hierar:0 |
| 700 1# - ADDED ENTRY--PERSONAL NAME | |
| Personal name | Vernon, John M. |
| 942 ## - ADDED ENTRY ELEMENTS (KOHA) | |
| Koha item type | |
| Withdrawn status | Lost status | Damaged status | Not for loan | Home library | Current library | Shelving location | Date acquired | Total checkouts | Full call number | Barcode | Date last seen | Price effective from | Koha item type |
|---|---|---|---|---|---|---|---|---|---|---|---|---|---|
| Biblioteca Prof. Eusebio Cleto del Rey | Biblioteca Prof. Eusebio Cleto del Rey | 21/05/2026 | 658.15 N333 | L25126 | 21/05/2026 | 21/05/2026 | Libro | ||||||
| Biblioteca Prof. Eusebio Cleto del Rey | Biblioteca Prof. Eusebio Cleto del Rey | 21/05/2026 | 658.15 N333 | L25127 | 21/05/2026 | 21/05/2026 | Libro |